Normal view MARC view
  • Ivancevic, Tijana T

Entry Personal Name

Number of records used in: 1

001 - CONTROL NUMBER

  • control field: 5936

003 - CONTROL NUMBER IDENTIFIER

  • control field: OSt

005 - DATE AND TIME OF LATEST TRANSACTION

  • control field: 20251204114527.0

008 - FIXED-LENGTH DATA ELEMENTS

  • fixed length control field: 251204|| aca||aabn | a|a d

040 ## - CATALOGING SOURCE

  • Original cataloging agency: OSt
  • Transcribing agency: OSt

100 ## - HEADING--PERSONAL NAME

  • Personal name: Ivancevic, Tijana T

670 ## - SOURCE DATA FOUND

  • Source citation: Work cat.: (OSt)754056: Ivancevic, Vladimir G. 5935, Quantum leap: , 2008.